LEADER 01498nam a2200265 a 4500 001 000000156295 003 CaOOAMICUS 005 20161115164858.0 008 161115s1972 it u000 u ger r 032 $aLibriCat 040 $aPUL$bita 100 1 $aUrban, Hans Jörg.$0(OLS)http://pul/name/99604 245 11$a"Bekenntnis, Dogma, Kirchliches Lehramt" : $bdie Lehrautorität der kirche und deren theologische Voraussetzungen in einigen Repräsentativen Systemen der deutschsprachigen Evangelischen Theologie der Gegenwart / $cvon Hans Jörgen Urban . 260 $aWiesbaden :$bFranz Steiner,$c1972. 300 $aix, 122 p. ;$c24 cm. 502 $aEstratto di Tesi -- Pontificium Athenaeum S. Anselmi, Facultate Theologica 504 $aBibliografia in nota a pič pagina. 650 04$aMagistero ecclesiastico.$0(OLS)http://pul/subject/2042 710 2 $aPontificio ateneo S. Anselmo.$bFacoltā di teologia.$kTesi.$0(OLS)http://pul/name/82348 850 $aPUL 852 $aPUL$W1$xDP1 Tesi Pon. At. S. Anselmo$y29$mTH ANS 144$j179517$qTesi$B182686$CPULBib$Z2$F182686 $H38828 $82 941 1 $a16 996 $6245$a"Bekenntnis, Dogma, Kirchliches Lehramt" : $bdie Lehrautorität der kirche und deren theologische Voraussetzungen in einigen Repräsentativen Systemen der deutschsprachigen Evangelischen Theologie der Gegenwart / $9(OLS)http://pul/title/195913 996 $6260$aWiesbaden :$bFranz Steiner$9(OLS)http://pul/publisher/51549 LEADER 01471nam a2200313 a 4500 001 000000174907 003 CaOOAMICUS 005 20220118174138.0 008 220118s2021 rm 000 u ita r 020 $a978-606-578-439-0* 032 $aLibriCat 040 $aPUL$bita 082 04$a232 100 1 $aRobu, Gabriel Iulian.$0(OLS)http://pul/name/111629 245 13$aLa rivelazione come possibilitā fenomenologica ed effettivitā storica negli scritti di Jean-Luc Marion :$bappunti di cristologia /$cGabriel-Iulian Robu ; prefazione di Giuseppe Lorizio. 260 $aIasi :$bSapientia,$c2021. 300 $a237 p. ; $b$c21 cm 504 $aBibliografia in nota e alle p. 215-237. 600 14$aMarion, Jean-Luc,$d1946-$0(OLS)http://pul/subject/21021 650 4$aRivelazione.$0(OLS)http://pul/subject/3064 700 1 $aLorizio, Giuseppe,$csacerdote,$d1952-$0(OLS)http://pul/name/27 850 $aPUL 852 $aPUL$W1$xSL Religione 3$y85$m232 ROBGA 1$j199216$qDDC 21$B203879$CPULBib$Z2$F203879 $H135313 $82 941 1 $a9 996 $6020$a978-606-578-439-0*$9(OLS)http://pul/number/168443 996 $6082$a232$9(OLS)http://pul/classification/381 996 $6245$aLa rivelazione come possibilitā fenomenologica ed effettivitā storica negli scritti di Jean-Luc Marion :$bappunti di cristologia$9(OLS)http://pul/title/216285 996 $6260$aIasi :$bSapientia$9(OLS)http://pul/publisher/75521